00345nam a2200121Ia 4500008004100000020002200041041000800063082001300071100001300084245007300097250000900170260004400179230627s9999 xx 000 0 und d a978-0-19-565610-7 amar a342bAUS aAustin G aWorking A Democratic Constitution A History Of The Indian Experience a3ed. aNew YorkbOxford University Pressc2006